La stella di Espero /

Gespeichert in:
Bibliographische Detailangaben
1. Verfasser: Hollinghurst, Alan (Verfasst von)
Weitere Verfasser: Capriolo, Ettore, (1926-2013)
Format: Buch
Sprache:Italienisch
Veröffentlicht: Milano : A. Mondadori, 1995
Schriftenreihe:Omnibus
Tags: Tag hinzufügen
Keine Tags, Fügen Sie das erste Tag hinzu!

MARC

LEADER 00000nam a22000007i 4500
001 IT\ICCU\RAV\0256548
003 ItRI
005 20260218000217.0
008 950620s1995 it |||||| ||||| |||||c
015 |2 IT  |a 96-4233 
020 |a 8804399252 
040 |b ita  |c CT 
041 7 |a ita  |2 ISO-639-2 
082 |a 823.914  |2 20 
100 1 |a Hollinghurst, Alan  |0 IT\ICCU\CFIV\116353  |4 aut 
240 1 4 |a The folding star  |9 Hollinghurst, Alan 
245 1 3 |a La stella di Espero /  |c Alan Hollinghurst ; traduzione di Ettore Capriolo. 
260 |a Milano :  |b A. Mondadori,  |c 1995 
300 |a 473 p. ;  |c 23 cm. 
700 1 |a Capriolo, Ettore,  |d  (1926-2013)  |0 IT\ICCU\CFIV\014193 
830 0 |a Omnibus  |0 IT\ICCU\CFI\0000512 
942 |2 ddc  |c BK 
952 |0 0  |1 0  |2 ddc  |4 0  |6 823_914000000000000_HOL_STE  |7 1  |9 2064  |a GE  |b GE  |d 2024-09-27  |l 0  |o 823.914 HOL STE  |p 1259  |r 2024-09-27 23:49:45  |w 2024-09-27  |x Donazione di Alvaro Bazzano  |y BK  |z Donazione AB 
952 |0 0  |1 0  |2 ddc  |4 0  |6 823_914000000000000_HOL_STE  |7 0  |9 33053  |a VR  |b VR  |d 2026-02-18  |i 105  |l 0  |o 823.914 HOL STE  |p OBE-105  |r 2026-02-18 00:00:10  |w 2026-02-18  |y BK 
999 |c 1809  |d 1809